000 00355 a2200109 4500
001 ART_14590
005 20260410161912.0
008 260409a
245 1 0 _aOn causality and the monetary approach to the balance of payments
100 1 _aBlejer, Mario I.
773 0 _tEuropean economic review
_g- Vol. 12, NÂș 3 (jul. 1979)
_wREV13346
999 _c26928
_d26928